| 000 | 00437nam a22001697a 4500 | ||
|---|---|---|---|
| 003 | macl | ||
| 005 | 20160203131245.0 | ||
| 008 | 160203b xxu||||| |||| 00| 0 eng d | ||
| 040 | _cmacl | ||
| 041 | _aEnglish | ||
| 082 | _a100.54/LAL | ||
| 100 |
_aLal Basant Kumar _936569 |
||
| 245 | _aContemporary Indian Philosophy | ||
| 260 |
_aNew Delhi _bMotilal Banarasidas Publishers _c1973 |
||
| 650 |
_aPhilosophy _936570 |
||
| 942 |
_2ddc _cBK |
||
| 999 |
_c53036 _d53036 |
||